000 00279nam a2200109Ia 4500
008 200302s9999 xx 000 0 und d
100 _aDrew Plunkett & Other
245 _aDetail in Contemporery Retail Design
260 _bLaurence King Publishing
260 _c2012
300 _a192
999 _c3370
_d3370